| 000 | 01755nam0a2200373 4500 | ||
|---|---|---|---|
| 001 | RU\NLR\BIBL_A\022119479 | ||
| 005 | 20240208185858.0 | ||
| 010 |
_a978-5-8429-1396-1 _9300 |
||
| 021 |
_aRU _bКН-П-23-077546 _9КН-П-23-7841 |
||
| 035 | _a(NLR Aleph) 022119479 | ||
| 035 | _a(RuMoRGB)012421864 | ||
| 090 |
_a12802658 _c12802658 |
||
| 100 | _a20240130d2023 k y0rusy50 ca | ||
| 101 | 0 | _arus | |
| 102 | _aRU | ||
| 105 | _aac z 100zy | ||
| 181 | 0 |
_ai4 _baxxe |
|
| 182 | 0 | _an | |
| 200 | 1 |
_aВсероссийский конкурс сочинений, 2023 _eсборник работ победителей _fАкадемия Минпросвещения России |
|
| 203 |
_aТекст _bвизуальный _cнепосредственный |
||
| 210 |
_aМосква _cАкадемия Минпросвещения России _d2023 |
||
| 215 |
_a287 с. _cцв. ил., портр. _d29 |
||
| 225 | 1 | _aГод педагога и наставника, 2023 | |
| 300 | _aВ вып. дан. и макете загл.: Сборник работ победителей Всероссийского конкурса сочинений 2023 года | ||
| 517 | 1 | _aСборник работ победителей Всероссийского конкурса сочинений 2023 года | |
| 606 | 1 |
_aШкольные сочинения _xКонкурсы _92442429 _3RU\NLR\AUTH\661452895 |
|
| 675 |
_a821.161.1-3 _v4 |
||
| 686 | 1 | _aЧ426.131(2)53-254.15 | |
| 710 | 1 | 2 |
_aВсероссийский конкурс сочинений _eМосква _f2023 _9875633 _3RU\NLR\AUTH\880603782 |
| 942 | _cBOOK | ||
| 980 | _aNB | ||